Cuentos latinoamericanos: antología

Gorde:
Xehetasun bibliografikoak
Egile Nagusiak: Borges, Jorge Luis (autor), Carpentier, Alejo (Egilea), Cortázar, Julio, 1914-1984 (Egilea), Rulfo, Juan (Egilea), Bioy Casares, Adolfo (Egilea), García Márquez, Gabriel (Egilea)
Formatua: Liburua
Hizkuntza:gaztelania
Argitaratua: Bogotá Alfaguara 1989
Edizioa:1a. ed
Gaiak:
Etiketak: Etiketa erantsi
Etiketarik gabe, Izan zaitez lehena erregistro honi etiketa jartzen!

MARC

LEADER 00000nam a2200000 a 4500
001 UCH7933
003 CL-VaPUC
008 091127e19890000CK |||||||||||||||||spa|d
020 |a 9582400617 
082 0 4 |a H863  |b BOR  |2 21 
100 |a Borges, Jorge Luis  |e autor  |9 322093 
700 0 |a Carpentier, Alejo  |e author  |9 317536 
700 |a Cortázar, Julio,  |d 1914-1984  |e author  |9 347319 
700 0 |a Rulfo, Juan  |e author  |9 318391 
700 0 |a Bioy Casares, Adolfo  |e author  |9 544308 
700 0 |a García Márquez, Gabriel  |e author  |9 318478 
245 1 0 |a Cuentos latinoamericanos: antología 
250 |a 1a. ed 
300 |a 134 p 
942 |c BK 
945 |d 20091127 00:00:00  |a lazolas 
260 |a Bogotá  |b Alfaguara  |c 1989 
650 0 |a Literatura hispanoamericana  |9 269097 
583 |a last modification  |c 20130421 11:23:21  |k Rodrigo Vera 
999 |c 338237  |d 338235